[Event "Srem-ch LKS Piast"]
[Site "Srem"]
[Date "2019.02.16"]
[Round "9.3"]
[White "Simon, Marek"]
[Black "Tomczak, Michal"]
[Result "0-1"]
[WhiteElo "1904"]
[BlackElo "2025"]
[PlyCount "128"]
[EventDate "2019.02.15"]
[EventType "tourn"]
[EventRounds "9"]
[EventCountry "POL"]
[SourceTitle "EXT 2023"]
[Source "ChessBase"]
[SourceDate "2022.10.05"]
[SourceVersion "1"]
[SourceVersionDate "2022.10.05"]
[SourceQuality "1"]

1. d4 d5 2. c4 Bf5 3. Nc3 e6 4. cxd5 exd5 5. Qb3 Nc6 6. Be3 Nf6 7. Nf3 Na5 8. Qa4+ c6 9. Bg5 Qb6 10. Bc1 Bb4 11. e3 Ne4 12. Bd2 Bxc3 13. bxc3 Nxd2 14. Nxd2 Qb2 15. Qd1 Qxc3 16. Be2 Nc4 17. Qc1 Qxd2+ 18. Qxd2 Nxd2 19. Kxd2 Kd7 20. g4 Bg6 21. Rab1 Rab8 22. Rhg1 b6 23. f4 f6 24. f5 Bf7 25. g5 Rhg8 26. h4 Kd6 27. Rg3 g6 28. Rf1 fxg5 29. fxg6 Bxg6 30. h5 Be8 31. Rf6+ Ke7 32. Rh6 Rg7 33. Bd3 Rd8 34. Rxh7 Rxh7 35. Bxh7 Kf6 36. h6 Bh5 37. Rh3 Rh8 38. Rxh5 Rxh7 39. Rh1 Kg6 40. Rc1 Rc7 41. Rh1 c5 42. dxc5 bxc5 43. Kd3 Rh7 44. Rc1 g4 45. e4 dxe4+ 46. Kxe4 Rxh6 47. Kf4 Rh5 48. Kxg4 Rd5 49. Kf3 Kf5 50. Rc4 Ke5 51. Ke3 a6 52. Re4+ Kd6 53. Ra4 Re5+ 54. Kd3 a5 55. Kc3 Kd5 56. Rxa5 Re3+ 57. Kd2 Rh3 58. Ra8 Kd4 59. Ra7 c4 60. Ra8 Rh2+ 61. Kc1 Kd3 62. Kb1 Rd2 63. Kc1 Rh2 64. Kb1 Rh1+ 0-1

[Event "POL-chT 3rd League Wielkopolska 12/13"]
[Site "Poznan"]
[Date "2013.02.24"]
[Round "9.14"]
[White "Tomczak, Michal"]
[Black "Swiatek, Bartosz"]
[Result "0-1"]
[WhiteElo "2072"]
[BlackElo "2034"]
[PlyCount "70"]
[EventDate "2012.11.25"]
[EventType "team-tourn"]
[EventRounds "11"]
[EventCountry "POL"]
[SourceTitle "EXT 2014"]
[Source "ChessBase"]
[SourceDate "2013.11.20"]
[SourceVersion "1"]
[SourceVersionDate "2013.11.20"]
[SourceQuality "1"]
[WhiteTeam "Srem LKS Piast"]
[BlackTeam "Poznan Politechnika II"]
[WhiteTeamCountry "POL"]
[BlackTeamCountry "POL"]

1. e4 c5 2. d4 cxd4 3. c3 d5 4. Qxd4 dxe4 5. Qxe4 Nc6 6. Bb5 Qb6 7. Na3 Nf6 8. Qa4 e5 9. Be3 Qc7 10. Nf3 Bd7 11. Nc4 Rc8 12. Qb3 Ng4 13. 0-0-0 Nxe3 14. fxe3 Bc5 15. Rd5 b6 16. Bxc6 Bxc6 17. Rxe5+ Be7 18. Ncd2 0-0 19. Qc2 g6 20. h4 Bf6 21. Re4 Bxe4 22. Nxe4 Qe7 23. h5 Rfe8 24. Nfd2 Bg5 25. hxg6 hxg6 26. Rh3 Rcd8 27. Rg3 Bxe3 28. Rxe3 f5 29. Qb3+ Kg7 30. Qb5 fxe4 31. Rxe4 Qd6 32. Rd4 Qg3 33. Rd7+ Kh6 34. Rxd8 Qe1+ 35. Kc2 Rxd8 0-1

[Event "POL-chT 3rd League Wielkopolska 12/13"]
[Site "Poznan"]
[Date "2012.11.25"]
[Round "1.20"]
[White "Bartkowiak, Damian"]
[Black "Tomczak, Michal"]
[Result "1-0"]
[WhiteElo "2140"]
[BlackElo "2072"]
[PlyCount "55"]
[EventDate "2012.11.25"]
[EventType "team-tourn"]
[EventRounds "11"]
[EventCountry "POL"]
[SourceTitle "EXT 2014"]
[Source "ChessBase"]
[SourceDate "2013.11.20"]
[SourceVersion "1"]
[SourceVersionDate "2013.11.20"]
[SourceQuality "1"]
[WhiteTeam "Kornik MUKS Wieza Kornicka"]
[BlackTeam "Srem LKS Piast"]
[WhiteTeamCountry "POL"]
[BlackTeamCountry "POL"]

1. d4 Nf6 2. c4 c5 3. d5 b5 4. cxb5 a6 5. b6 g6 6. Nc3 d6 7. e4 Bg7 8. a4 Qxb6 9. a5 Qc7 10. Bc4 0-0 11. Nge2 Ng4 12. f4 e5 13. h3 Nf6 14. fxe5 dxe5 15. d6 Qc6 16. Bg5 Be6 17. Bxf6 Bxc4 18. Be7 Re8 19. 0-0 Bf8 20. Nd5 Bxd5 21. exd5 Qd7 22. Nc3 Bxe7 23. dxe7 Qxe7 24. d6 Qh4 25. Ra4 c4 26. Nd5 f5 27. Nc7 Nd7 28. Nxa8 1-0